000 00974nam a22002177a 4500
999 _c828
_d828
003 AR-CdUCM
008 190225b ||||| |||| 00| 0 spa d
040 _aMUNICIPALIDAD PROVINCIAL DEL CUSCO
_cBIBLIOTECA MUNICIPAL DEL CUSCO
082 _a985.61 /
_bB41
100 _aBenavente Velarde, Teofilo
_93145
245 _aLos centauros gloriosos y vencidos :
_bcrónicas, documentos y datos para una investigación de la historia del Cusco republicano /
260 _aCusco :
_bInstituto Nacioanl de Cultura,
_c1995.
300 _a125 páginas ;
_bIlustraciones.
_c20.5 cm.
505 _aContenido: Como se narraron los hechos de la toma del Cuzco el 3 de abril -- Sucesos del Cuzco -- El Cuzco de 1894 y 95 -- La toma de Arequipa -- Paralelismo de figuras contrapuestas ...
650 _aCrónicas
_9247
650 _aHistoria
_946857
650 _aCusco
_9772
856 _fhttp://bvirtual.culturacusco.gob.pe/items/show/120
942 _2ddc
_cLIBROS
945 _aafb
_d2019-02-25